[Event "EU-ch U14 27th"]
[Site "Mamaia"]
[Date "2017.09.14"]
[Round "9"]
[White "Minko, Dmitry"]
[Black "Toth, Anatol"]
[Result "1-0"]
[WhiteElo "2091"]
[BlackElo "1854"]
[PlyCount "113"]
[EventDate "2017.09.05"]
[EventType "swiss"]
[EventRounds "9"]
[EventCountry "ROU"]
[SourceTitle "EXT 2018"]
[Source "ChessBase"]
[SourceDate "2017.10.13"]
[SourceVersion "1"]
[SourceVersionDate "2017.10.13"]
[SourceQuality "1"]

1. e4 c5 2. Nf3 d6 3. d4 cxd4 4. Nxd4 Nf6 5. Nc3 a6 6. f3 e5 7. Nb3 Be6 8. Be3 Be7 9. Qd2 0-0 10. 0-0-0 Nbd7 11. Kb1 b5 12. g4 Nb6 13. Qf2 Nfd7 14. Na5 Rc8 15. Nb3 b4 16. Nd5 Bxd5 17. exd5 Bh4 18. Qg1 Qc7 19. Rd2 a5 20. Bb5 a4 21. Na5 Nxd5 22. Rxd5 Qxa5 23. g5 Qc7 24. Rd2 f5 25. Bxa4 f4 26. Bf2 Bxf2 27. Qxf2 Nc5 28. Bb3+ Nxb3 29. cxb3 Ra8 30. Rd5 Qc6 31. Qd2 Qa6 32. a4 bxa3 33. Rxd6 Qb7 34. Qd5+ Qxd5 35. Rxd5 Rfb8 36. Ka2 axb2+ 37. Kxb2 Ra6 38. Rc1 Rab6 39. Rc3 Re6 40. Rd7 h6 41. Rcc7 Rg6 42. h4 Kh8 43. gxh6 Rxh6 44. Rxg7 Rxh4 45. Rg5 Rh3 46. Rc3 Re8 47. b4 e4 48. fxe4 Rxc3 49. Kxc3 Rxe4 50. b5 Re1 51. Rf5 Rc1+ 52. Kb2 Rf1 53. b6 Rf2+ 54. Kc3 Rf3+ 55. Kc4 Rf1 56. b7 Rb1 57. Rb5 1-0

[Event "EU-ch U14 27th"]
[Site "Mamaia"]
[Date "2017.09.11"]
[Round "6"]
[White "Yeremyan, Alen"]
[Black "Toth, Anatol"]
[Result "1/2-1/2"]
[WhiteElo "2060"]
[BlackElo "1854"]
[PlyCount "70"]
[EventDate "2017.09.05"]
[EventType "swiss"]
[EventRounds "9"]
[EventCountry "ROU"]
[SourceTitle "CBM 180 Extra"]
[Source "ChessBase"]
[SourceDate "2017.10.06"]
[SourceVersion "1"]
[SourceVersionDate "2017.10.06"]
[SourceQuality "1"]

1. e4 c5 2. Nc3 Nc6 3. g3 g6 4. Bg2 Bg7 5. d3 e6 6. Be3 b6 7. Nge2 Bb7 8. 0-0 Nge7 9. d4 cxd4 10. Nxd4 Nxd4 11. Bxd4 0-0 12. Bxg7 Kxg7 13. Qd4+ Kg8 14. Rad1 Bc6 15. b4 d5 16. b5 Bb7 17. exd5 Nxd5 18. Qe5 Qb8 19. Qxb8 Rfxb8 20. Nxd5 exd5 21. Bxd5 Bxd5 22. Rxd5 Rc8 23. Rc1 Rc3 24. Rd3 Rac8 25. Rd7 Ra3 26. c4 Rxa2 27. Re1 Rc5 28. Re4 Rf5 29. f4 h5 30. h3 Rc5 31. g4 hxg4 32. hxg4 Kg7 33. g5 Rc8 34. Ree7 Rxc4 35. Rxf7+ Kg8 1/2-1/2

[Event "EU-ch U14 27th"]
[Site "Mamaia"]
[Date "2017.09.09"]
[Round "5"]
[White "Mintau, Andrei Catalin"]
[Black "Toth, Anatol"]
[Result "0-1"]
[WhiteElo "1976"]
[BlackElo "1854"]
[PlyCount "114"]
[EventDate "2017.09.05"]
[EventType "swiss"]
[EventRounds "9"]
[EventCountry "ROU"]
[SourceTitle "CBM 180 Extra"]
[Source "ChessBase"]
[SourceDate "2017.10.06"]
[SourceVersion "1"]
[SourceVersionDate "2017.10.06"]
[SourceQuality "1"]

1. e4 c5 2. Nf3 d6 3. c3 Nf6 4. Be2 Nbd7 5. d3 g6 6. 0-0 Bg7 7. Re1 0-0 8. Bf1 a6 9. a4 b6 10. d4 e5 11. dxe5 dxe5 12. Bg5 Qc7 13. Nbd2 h6 14. Bh4 Bb7 15. Qb3 Bc6 16. Bg3 Nh5 17. Bc4 Nxg3 18. hxg3 Qb7 19. Nh4 b5 20. axb5 axb5 21. Rxa8 Qxa8 22. Bxb5 Rb8 23. Bxc6 Qxc6 24. Qc2 c4 25. Rd1 Nb6 26. b3 cxb3 27. Qxb3 Rc8 28. c4 Nd7 29. Qb5 Qd6 30. Nhf3 Nc5 31. Qb1 Rd8 32. Nh2 h5 33. Nhf1 Bh6 34. Qc2 Qd4 35. Nb3 Qxd1 36. Qxd1 Rxd1 37. Nxc5 Rc1 38. Nd7 Rxc4 39. Nxe5 Rxe4 40. Nf3 f6 41. Nh4 Kf7 42. Nf3 Ra4 43. N3h2 Bc1 44. Nf3 g5 45. Ne1 Rd4 46. f3 Rd1 47. Kf2 Bd2 48. Nc2 Rc1 49. Nd4 Ba5 50. Ke2 Re1+ 51. Kf2 Rb1 52. Nc2 Rb2 53. Nfe3 Bb6 54. Kf1 Ba7 55. Ke1 Bb8 56. g4 hxg4 57. fxg4 Bf4 0-1

[Event "EU-ch U14 27th"]
[Site "Mamaia"]
[Date "2017.09.08"]
[Round "4"]
[White "Toth, Anatol"]
[Black "Melaugh, Gavin"]
[Result "1/2-1/2"]
[WhiteElo "1854"]
[BlackElo "1986"]
[PlyCount "147"]
[EventDate "2017.09.05"]
[EventType "swiss"]
[EventRounds "9"]
[EventCountry "ROU"]
[SourceTitle "CBM 180 Extra"]
[Source "ChessBase"]
[SourceDate "2017.10.06"]
[SourceVersion "1"]
[SourceVersionDate "2017.10.06"]
[SourceQuality "1"]

1. e4 c5 2. Nf3 Nc6 3. Bb5 d6 4. 0-0 Bd7 5. Re1 a6 6. Bf1 Bg4 7. h3 Bh5 8. c3 Nf6 9. a4 e5 10. Na3 Rb8 11. g4 Bg6 12. d3 Be7 13. Nc2 h5 14. Nh4 hxg4 15. Nxg6 fxg6 16. hxg4 Nh7 17. Ne3 Bg5 18. Bg2 Bf4 19. Nd5 Bxc1 20. Rxc1 Qh4 21. Re3 Ng5 22. Rg3 Qh2+ 23. Kf1 Rf8 24. Re3 Kd7 25. Nb6+ Kc7 26. Nd5+ Kd7 27. Nb6+ Ke7 28. Nd5+ Kd8 29. Qd2 Qh4 30. Ke1 Ne6 31. Qe2 Ne7 32. Rf3 Rxf3 33. Bxf3 Nxd5 34. exd5 Nf4 35. Qe3 Qf6 36. Kd2 b5 37. a5 b4 38. c4 Qe7 39. b3 Kd7 40. Rf1 Rh8 41. Qe1 Qd8 42. Qa1 Rh3 43. Qa4+ Ke7 44. Be4 Qc8 45. Rg1 Rh2 46. Ke1 Nh3 47. Rg2 Rxg2 48. Bxg2 Nf4 49. Bf3 Nxd3+ 50. Ke2 Nf4+ 51. Kd2 Nh3 52. Ke1 Ng5 53. Be2 Ne4 54. Bf3 Nc3 55. Qc6 Qxc6 56. dxc6 e4 57. Bg2 Kd8 58. f3 e3 59. f4 g5 60. fxg5 Nb1 61. Ke2 Nd2 62. Kxe3 Nxb3 63. Ke4 Nd4 64. Kd5 Kc7 65. Be4 b3 66. g6 b2 67. g5 Nxc6 68. Ke6 Nd8+ 69. Ke7 Kc8 70. Bf5+ Kc7 71. Kf8 Ne6+ 72. Kf7 Nxg5+ 73. Kxg7 Ne6+ 74. Kf6 1/2-1/2

[Event "EU-ch U14 27th"]
[Site "Mamaia"]
[Date "2017.09.07"]
[Round "3"]
[White "Constantinou, Ivan"]
[Black "Toth, Anatol"]
[Result "0-1"]
[WhiteElo "1588"]
[BlackElo "1854"]
[PlyCount "74"]
[EventDate "2017.09.05"]
[EventType "swiss"]
[EventRounds "9"]
[EventCountry "ROU"]
[SourceTitle "CBM 180 Extra"]
[Source "ChessBase"]
[SourceDate "2017.10.06"]
[SourceVersion "1"]
[SourceVersionDate "2017.10.06"]
[SourceQuality "1"]

1. e4 c5 2. Nf3 d6 3. Bb5+ Nd7 4. 0-0 Ngf6 5. Nc3 a6 6. Be2 b5 7. d3 Bb7 8. h3 g6 9. Be3 Bg7 10. Qd2 0-0 11. Rfe1 e5 12. Nd1 d5 13. exd5 Nxd5 14. Bg5 f6 15. Bh4 Nf4 16. Bg3 Bh6 17. Bxf4 Bxf4 18. Ne3 Qe8 19. Rac1 h5 20. g3 Bh6 21. Qd1 Rd8 22. Nd2 Qe6 23. Bf1 Nb6 24. Qe2 Rfe8 25. Bg2 Bxg2 26. Kxg2 f5 27. Rf1 Nd5 28. Nxd5 Qxd5+ 29. Kh2 e4 30. Nb3 f4 31. dxe4 Rxe4 32. Qd3 Qe5 33. Nxc5 fxg3+ 34. fxg3 Re2+ 35. Kg1 Qxc5+ 36. Kh1 Qc6+ 37. Kg1 Qg2# 0-1